000 00829nas a2200277 4500
001 BR9902425
003 BR-BrBNA
005 20231205101412.0
007 ta
008 230509b bl.|||p| |||| 00| 00por d
040 _aBR-BrBNA
_bpor
_cBiblioteca Nacional de Agricultura
041 _a(Pt)
072 _aL70
100 1 _aAppolinario, A.V.M.
100 1 _aCosta, F.S.
100 1 _aOliveira, A. de
100 1 _aSiqueira, V.J.
100 1 _aSilva, N.R. da
245 1 _aCorda tendinea atipica no aparelho valvar esquerdo de caes sem raca definida (Canis familiaris, L. 1758)
650 _aCao
650 _aVeterinaria
650 _aCoracao
773 0 _tVeterinaria Noticias (Brazil)
_xISSN 0104-3463
_g(1999), v. 5(1) p. 103-106
_wBR9902425
909 _a202311
_bLúcia
_c55
_dLúcia Elande
942 _2AGRIS
_n0
_cANA
999 _c161607
_d161607